000 00484nam a2200181Ia 4500
003 GCL
008 140319s9999 xx 000 0 ara d
040 _aGCL /
_cGCL
082 0 4 _a301.32
_bم س
100 1 _aمحمد عوض محمد
245 1 0 _aسكان هذا الكوكب /
_cمحمد عوض محمد
300 _a297 ص
490 _a
650 0 4 _aالسكان
650 0 4 _aالبيئة والانسان
650 0 4 _aالبناء الاجتماعى
942 _2ddc
_cBK
999 _c45528
_d45528